| 000 | 00667nam a2200241Ia 4500 | ||
|---|---|---|---|
| 003 | OSt | ||
| 005 | 20220912145757.0 | ||
| 006 | a|||||r|||| 00| 0 | ||
| 007 | ta | ||
| 008 | 220909b |||||||| |||| 00| 0 eng d | ||
| 024 | _a75642 | ||
| 037 | _cTextbook | ||
| 040 |
_aCSL _beng _cCSL |
||
| 041 | _aeng | ||
| 082 | _aLp1:N66, K6 | ||
| 111 | _aRESEARCH AND SCIENTIFIC DEVELOPMENT CONFERENCE ON SEFETY IN THE USE OF HOME MEDICINE (1894 : New York) | ||
| 245 | 0 | _aProceeding on saftey in the use of home medicines | |
| 260 | _c1894 | ||
| 300 |
_ap. _ccm. |
||
| 650 | _aMedicine | ||
| 942 |
_hLp1:N66, K6 _cTB _2CC |
||
| 999 |
_c38001 _d38001 |
||